000 01038nam a22002537a 4500
003 BPGM
008 260619b2008 mx ||||| |||| 001 0 spa d
020 _a978-968-9350-19-4
040 _aBPGM
_bspa
041 _aspa
_hspa
082 0 4 _aCQ / 863M /
_bG37375 / B57 /
100 _aGARCIA OLIVA, TARSICIO
245 _aBISONTE FUGITIVO
260 _aQUERETARO ;
_bINSTITO QUERETARO DE LA CULTURA Y LAS ARTES ,
_c2008 .
300 _a73 paginas;
_c22.3 cm x 10.5 cm
336 _2rdacontent
_atexto
_btxt
337 _2rdamedia
_asin mediación
_bn
338 _2rdacarrier
_avolumen
_bnc
505 _aA DIFERENCIA DE LA NOVELA DE VILLANES CAIRO, EL RELATO O POEMARIO "BISONTE FUGITIVO" DE TARSICIO GARCÍA OLIVA ES UNA OBRA DE LITERATURA INFANTIL Y JUVENIL QUE UTILIZA LA METÁFORA DEL BISONTE PARA ABORDAR LA BÚSQUEDA DE LA LIBERTAD, LA IDENTIDAD Y EL ARRAIGO CON LA NATURALEZA.
650 _aLITERATURA Y RETÓRICA
650 _aLITERATURAS ESPAÑOLA Y PORTUGUESA
650 _aNOVELÍSTICA ESPAÑOLA
942 _2ddc
_cCOLQ
999 _c68657
_d68657